<?xml version="1.0" encoding="UTF-8"?>
<record
    xmlns:xsi="http://www.w3.org/2001/XMLSchema-instance"
    xsi:schemaLocation="http://www.loc.gov/MARC21/slim http://www.loc.gov/standards/marcxml/schema/MARC21slim.xsd"
    xmlns="http://www.loc.gov/MARC21/slim">

  <leader>00754nam a22001577a 4500</leader>
  <controlfield tag="003">OSt</controlfield>
  <controlfield tag="005">20151212082015.0</controlfield>
  <controlfield tag="008">151212b        xxu||||| |||| 00| 0 eng d</controlfield>
  <datafield tag="040" ind1=" " ind2=" ">
    <subfield code="c">RUA</subfield>
  </datafield>
  <datafield tag="082" ind1=" " ind2=" ">
    <subfield code="a">ATM.s KON 2004 B203 Or.1</subfield>
  </datafield>
  <datafield tag="100" ind1=" " ind2=" ">
    <subfield code="9">4740</subfield>
    <subfield code="a">KONG, CHHOEUN.</subfield>
  </datafield>
  <datafield tag="245" ind1=" " ind2=" ">
    <subfield code="a">A study on the activities of spacial program for food security (SPFS) boeung nay commune prey chhor district kompong cham province, &#x179F;&#x17B7;&#x1780;&#x17D2;&#x179F;&#x17B6;&#x179F;&#x1780;&#x1798;&#x17D2;&#x1798;&#x1797;&#x17B6;&#x1796;&#x1780;&#x1798;&#x17D2;&#x1798;&#x179C;&#x17B7;&#x1792;&#x17B8;&#x1796;&#x17B7;&#x179F;&#x17C1;&#x179F;&#x178A;&#x17BE;&#x1798;&#x17D2;&#x1794;&#x17B8;&#x179F;&#x1793;&#x17D2;&#x178A;&#x17B7;&#x179F;&#x17BB;&#x1781;&#x179F;&#x17D2;&#x1794;&#x17C0;&#x1784;&#x1780;&#x17D2;&#x1793;&#x17BB;&#x1784;&#x1783;&#x17BB;&#x17C6;&#x1794;&#x17B9;&#x1784;&#x178E;&#x17B6;&#x1799; &#x179F;&#x17D2;&#x179A;&#x17BB;&#x1780;&#x1796;&#x17D2;&#x179A;&#x17C3;&#x1788;&#x179A; &#x1781;&#x17C1;&#x178F;&#x17D2;&#x178F;&#x1780;&#x17C6;&#x1796;&#x1784;&#x17CB;&#x1785;&#x17B6;&#x1798;</subfield>
  </datafield>
  <datafield tag="260" ind1=" " ind2=" ">
    <subfield code="a">Phnom Penh</subfield>
    <subfield code="b">RUA</subfield>
    <subfield code="c">2004</subfield>
  </datafield>
  <datafield tag="300" ind1=" " ind2=" ">
    <subfield code="a">x; 62p.</subfield>
    <subfield code="b">ill.</subfield>
    <subfield code="c">29cm.</subfield>
  </datafield>
  <datafield tag="942" ind1=" " ind2=" ">
    <subfield code="2">ddc</subfield>
    <subfield code="c">ATMSP</subfield>
  </datafield>
  <datafield tag="999" ind1=" " ind2=" ">
    <subfield code="c">4417</subfield>
    <subfield code="d">4417</subfield>
  </datafield>
  <datafield tag="952" ind1=" " ind2=" ">
    <subfield code="0">0</subfield>
    <subfield code="1">0</subfield>
    <subfield code="2">ddc</subfield>
    <subfield code="4">0</subfield>
    <subfield code="6">ATM__S_KON_2004_000000000000000_B203_OR_1</subfield>
    <subfield code="7">0</subfield>
    <subfield code="9">22805</subfield>
    <subfield code="a">LBB</subfield>
    <subfield code="b">LBB</subfield>
    <subfield code="c">B203</subfield>
    <subfield code="d">2015-12-12</subfield>
    <subfield code="o">ATM.s KON 2004 B203 Or.1</subfield>
    <subfield code="p">RUA009594</subfield>
    <subfield code="r">2015-12-12</subfield>
    <subfield code="w">2015-12-12</subfield>
    <subfield code="y">ATMSP</subfield>
  </datafield>
  <datafield tag="952" ind1=" " ind2=" ">
    <subfield code="0">0</subfield>
    <subfield code="1">0</subfield>
    <subfield code="2">ddc</subfield>
    <subfield code="4">0</subfield>
    <subfield code="6">ATM__S_KON_2004_000000000000000_B203_OR_2</subfield>
    <subfield code="7">0</subfield>
    <subfield code="9">22806</subfield>
    <subfield code="a">LBB</subfield>
    <subfield code="b">LBB</subfield>
    <subfield code="c">B203</subfield>
    <subfield code="d">2015-12-12</subfield>
    <subfield code="l">1</subfield>
    <subfield code="o">ATM.s KON 2004 B203 Or.2</subfield>
    <subfield code="p">A43806</subfield>
    <subfield code="r">2019-11-20</subfield>
    <subfield code="s">2019-11-19</subfield>
    <subfield code="w">2015-12-12</subfield>
    <subfield code="y">ATMSP</subfield>
  </datafield>
  <datafield tag="952" ind1=" " ind2=" ">
    <subfield code="0">0</subfield>
    <subfield code="1">0</subfield>
    <subfield code="2">ddc</subfield>
    <subfield code="4">0</subfield>
    <subfield code="6">ATM__S_KON_2004_000000000000000_B203_OR_3</subfield>
    <subfield code="7">0</subfield>
    <subfield code="9">22807</subfield>
    <subfield code="a">LBB</subfield>
    <subfield code="b">LBB</subfield>
    <subfield code="c">B203</subfield>
    <subfield code="d">2015-12-12</subfield>
    <subfield code="o">ATM.s KON 2004 B203 Or.3</subfield>
    <subfield code="p">RUA009339</subfield>
    <subfield code="r">2015-12-12</subfield>
    <subfield code="w">2015-12-12</subfield>
    <subfield code="y">ATMSP</subfield>
  </datafield>
  <datafield tag="952" ind1=" " ind2=" ">
    <subfield code="0">0</subfield>
    <subfield code="1">0</subfield>
    <subfield code="2">ddc</subfield>
    <subfield code="4">0</subfield>
    <subfield code="6">ATM__S_KON_2004_000000000000000_B203_OR_4</subfield>
    <subfield code="7">0</subfield>
    <subfield code="9">22808</subfield>
    <subfield code="a">LBB</subfield>
    <subfield code="b">LBB</subfield>
    <subfield code="c">B203</subfield>
    <subfield code="d">2015-12-12</subfield>
    <subfield code="o">ATM.s KON 2004 B203 Or.4</subfield>
    <subfield code="p">RUA009456</subfield>
    <subfield code="r">2015-12-12</subfield>
    <subfield code="w">2015-12-12</subfield>
    <subfield code="y">ATMSP</subfield>
  </datafield>
  <datafield tag="952" ind1=" " ind2=" ">
    <subfield code="0">0</subfield>
    <subfield code="1">0</subfield>
    <subfield code="2">ddc</subfield>
    <subfield code="4">0</subfield>
    <subfield code="6">ATM__S_KON_2004_000000000000000_B203_OR_5</subfield>
    <subfield code="7">0</subfield>
    <subfield code="9">22809</subfield>
    <subfield code="a">LBB</subfield>
    <subfield code="b">LBB</subfield>
    <subfield code="c">B203</subfield>
    <subfield code="d">2015-12-12</subfield>
    <subfield code="o">ATM.s KON 2004 B203 Or.5</subfield>
    <subfield code="p">RUA009702</subfield>
    <subfield code="r">2015-12-12</subfield>
    <subfield code="w">2015-12-12</subfield>
    <subfield code="y">ATMSP</subfield>
  </datafield>
  <datafield tag="952" ind1=" " ind2=" ">
    <subfield code="0">0</subfield>
    <subfield code="1">0</subfield>
    <subfield code="2">ddc</subfield>
    <subfield code="4">0</subfield>
    <subfield code="6">ATM__S_KON_2004_000000000000000_B203_OR_6</subfield>
    <subfield code="7">0</subfield>
    <subfield code="9">22810</subfield>
    <subfield code="a">LBB</subfield>
    <subfield code="b">LBB</subfield>
    <subfield code="c">B203</subfield>
    <subfield code="d">2015-12-12</subfield>
    <subfield code="o">ATM.s KON 2004 B203 Or.6</subfield>
    <subfield code="p">RUA034255</subfield>
    <subfield code="r">2015-12-12</subfield>
    <subfield code="w">2015-12-12</subfield>
    <subfield code="y">ATMSP</subfield>
  </datafield>
  <datafield tag="952" ind1=" " ind2=" ">
    <subfield code="0">0</subfield>
    <subfield code="1">0</subfield>
    <subfield code="2">ddc</subfield>
    <subfield code="4">0</subfield>
    <subfield code="6">ATM__S_KON_2004_000000000000000_B203_OR_7</subfield>
    <subfield code="7">0</subfield>
    <subfield code="9">22811</subfield>
    <subfield code="a">LBB</subfield>
    <subfield code="b">LBB</subfield>
    <subfield code="c">B203</subfield>
    <subfield code="d">2015-12-12</subfield>
    <subfield code="o">ATM.s KON 2004 B203 Or.7</subfield>
    <subfield code="p">RUA034001</subfield>
    <subfield code="r">2015-12-12</subfield>
    <subfield code="w">2015-12-12</subfield>
    <subfield code="y">ATMSP</subfield>
  </datafield>
  <datafield tag="952" ind1=" " ind2=" ">
    <subfield code="0">0</subfield>
    <subfield code="1">0</subfield>
    <subfield code="2">ddc</subfield>
    <subfield code="4">0</subfield>
    <subfield code="6">ATM__S_KON_2004_000000000000000_B203_OR_8</subfield>
    <subfield code="7">0</subfield>
    <subfield code="9">22812</subfield>
    <subfield code="a">LBB</subfield>
    <subfield code="b">LBB</subfield>
    <subfield code="c">B203</subfield>
    <subfield code="d">2015-12-12</subfield>
    <subfield code="o">ATM.s KON 2004 B203 Or.8</subfield>
    <subfield code="p">RUA033429</subfield>
    <subfield code="r">2015-12-12</subfield>
    <subfield code="w">2015-12-12</subfield>
    <subfield code="y">ATMSP</subfield>
  </datafield>
  <datafield tag="952" ind1=" " ind2=" ">
    <subfield code="0">0</subfield>
    <subfield code="1">0</subfield>
    <subfield code="2">ddc</subfield>
    <subfield code="4">0</subfield>
    <subfield code="6">ATM__S_KON_2004_000000000000000_B203_OR_9</subfield>
    <subfield code="7">0</subfield>
    <subfield code="9">22813</subfield>
    <subfield code="a">LBB</subfield>
    <subfield code="b">LBB</subfield>
    <subfield code="c">B203</subfield>
    <subfield code="d">2015-12-12</subfield>
    <subfield code="o">ATM.s KON 2004 B203 Or.9</subfield>
    <subfield code="p">RUA034665</subfield>
    <subfield code="r">2015-12-12</subfield>
    <subfield code="w">2015-12-12</subfield>
    <subfield code="y">ATMSP</subfield>
  </datafield>
  <datafield tag="952" ind1=" " ind2=" ">
    <subfield code="0">0</subfield>
    <subfield code="1">0</subfield>
    <subfield code="2">ddc</subfield>
    <subfield code="4">0</subfield>
    <subfield code="6">ATM__S_KON_2004_000000000000000_B203_OR_10</subfield>
    <subfield code="7">0</subfield>
    <subfield code="9">36325</subfield>
    <subfield code="a">LBB</subfield>
    <subfield code="b">LBB</subfield>
    <subfield code="d">2016-01-25</subfield>
    <subfield code="o">ATM.s KON 2004 B203 Or.10</subfield>
    <subfield code="p">RUA051575</subfield>
    <subfield code="r">2016-01-25</subfield>
    <subfield code="w">2016-01-25</subfield>
    <subfield code="y">ATMSP</subfield>
  </datafield>
</record>
